| 000 | 00000nam 2200000zi 4500 |
| 001 | 9.932249 |
| 003 | CaOODSP |
| 005 | 20240129105218 |
| 006 | m o d f |
| 007 | cr cn||||||||| |
| 008 | 240109e202207 onc ob f000 0 fre d |
| 020 | |a9780660695488 |
| 040 | |aCaOODSP|bfre|erda|cCaOODSP |
| 043 | |an-cn--- |
| 086 | 1 |aHP5-183/2024F-PDF |
| 245 | 00|aSynthèse portant sur les données probantes au sujet des associations et de l'innocuité de la vaccination contre la COVID-19 et le syndrome post-COVID-19 : |bmise à jour 2. |
| 246 | 17|aSynthèse sur la vaccination contre la COVID-19 et le syndrome post-COVID-19 |
| 264 | 1|a[Ottawa] : |bAgence de la santé publique du Canada = Public Health Agency of Canada, |cjuillet 2022. |
| 264 | 4|c©2022 |
| 300 | |a1 ressource en ligne (57 pages) |
| 336 | |atexte|btxt|2rdacontent/fre |
| 337 | |ainformatique|bc|2rdamedia/fre |
| 338 | |aressource en ligne|bcr|2rdacarrier/fre |
| 500 | |aPublié aussi en anglais sous le titre : Evidence brief on the associations and safety of COVID-19 vaccination and post COVID-19 condition: update 2. |
| 504 | |aComprend des références bibliographiques (pages 55-57). |
| 650 | 6|aCOVID-19|xVaccination. |
| 650 | 6|aCOVID-19|xVaccination|xComplications et séquelles. |
| 710 | 2 |aAgence de santé publique du Canada, |eorganisme de publication. |
| 775 | 08|tEvidence brief on the associations and safety of COVID-19 vaccination and post COVID-19 condition : |w(CaOODSP)9.932248 |
| 856 | 40|qPDF|s959 Ko|uhttps://publications.gc.ca/collections/collection_2024/aspc-phac/HP5-183-2024-fra.pdf |
| 986 | |a230686 |